000 00197 a2200097 4500
020 _a9786074295993
041 _aspa
100 _aCoelho, Paulo
245 _aSer somo el rio que fluye
942 _cBK
999 _c11154
_d11154